LEADER 01077nam a2200253 i 4500 001 000000131811 003 CaOOAMICUS 005 20180409000000.0 008 180409s2017 it u000 u ita u 013 $a104726 020 $a978-88-89193-19-8 040 $aSeMil$bita 245 10$aDonne d'Albania :$btra migrazione, tradizione e modernitŕ /$ca cura di Rando Devole e Claudio Paravati. 260 $aRoma :$bEdizioni Com Nuovi Tempi,$c2017. 300 $a268 p. ;$c21 cm. 650 4$aAlbania.$0(OLS)http://semarc/subject/7155 700 1 $aParavati, Claudio.$0(OLS)http://semarc/name/93321 700 1 $aDevole, Rando.$0(OLS)http://semarc/name/75812 850 $aSeMil 852 $aSeMil$W1$xVenegono$y1$m3N III 707$j85746$B85746$CSeMilBibl$Z2$F89607 $81 961 $aOmaggio: Delpini mons. Mario 996 $6020$a978-88-89193-19-8$9(OLS)http://semarc/number/273703 996 $6245$aDonne d'Albania :$btra migrazione, tradizione e modernitŕ$9(OLS)http://semarc/title/408219 996 $6260$aRoma :$bEdizioni Com Nuovi Tempi$9(OLS)http://semarc/publisher/57201 LEADER 00587nab a2200145 i 4500 001 000000275977 003 CaOOAMICUS 005 20180831165024.0 008 180831n xx uu u0 0und r 013 $a25456 040 $aSeMil$bita 245 10$a[vedi periodico]. 500 $aJuillet-Septembre 2011. 773 0 $t2011 : 3 Économie médiévale ; Algérie coloniale ; Qu'est-ce qu'un collectif? ; Halbwachs ; Économies préindustrielles ; Italie.$dParis : Éd. de l'EHESS, copyr. 2011.$z978-2-7132-2311-2$z978-2-2009-2692-2$w()206010 996 $6245$a[vedi periodico]$9(OLS)http://semarc/title/309439 LEADER 01230nam a2200277 i 4500 001 000000238326 003 CaOOAMICUS 005 20150128000000.0 008 150128s2012 it u000 u ita u 013 $a217231 020 $a978-88-215-7489-4 040 $aSeMil$bita 100 1 $aComastri, Angelo,$c.$0(OLS)http://semarc/name/5864 245 10$aCome andremo a finire? :$bindagine sul futuro dell'uomo e del mondo /$cAngelo Comastri. 260 $aCinisello Balsamo :$bSan Paolo,$c2012. 300 $a214 p. ;$c19 cm. 490 0 $aBiblioteca universale cristiana ;$v. 500 $aSupplemento a Famiglia cristiana. 650 4$aFuturo - Teologia.$0(OLS)http://semarc/subject/12089 830 0$aBUC : Biblioteca universale cristiana ;$v.$0(OLS)http://semarc/title/35880 850 $aSeMil 852 $aSeMil$W1$xVenegono$y1$m3F IV 615$j188672$B188672$CSeMilBibl$Z2$F199645 $81 961 $aOmaggio: Delpini mons. Mario 996 $6020$a978-88-215-7489-4$9(OLS)http://semarc/number/243932 996 $6245$aCome andremo a finire? :$bindagine sul futuro dell'uomo e del mondo$9(OLS)http://semarc/title/339631 996 $6260$aCinisello Balsamo :$bSan Paolo$9(OLS)http://semarc/publisher/30129 LEADER 00943nam a2200229 i 4500 001 000000071976 003 CaOOAMICUS 005 20090205000000.0 008 090205s1910 gw u000 u ger u 013 $a43148 040 $aSeMil$bita 100 1 $aKünzle, Magnus,$c.$0(OLS)http://semarc/name/35695 245 10$aEthik und Ästhetik /$cvon Magnus Künzle. 260 $aFreiburg im Breisgau :$bHerdersche Verlagshandlung,$c1910. 300 $aXV, 387 p. ;$c23 cm. 650 4$aEstetica.$0(OLS)http://semarc/subject/618 650 4$aValore - Filosofia.$0(OLS)http://semarc/subject/13930 650 4$aEtica.$0(OLS)http://semarc/subject/3224 850 $aSeMil 852 $aSeMil$W1$xVenegono$y1$m2P V 212$j38129$B38129$CSeMilBibl$Z2$F38132 $81 996 $6245$aEthik und Ästhetik$9(OLS)http://semarc/title/115913 996 $6260$aFreiburg im Breisgau :$bHerdersche Verlagshandlung$9(OLS)http://semarc/publisher/31301